000 00624nam a2200169Ia 4500
008 100917s9999 xx 000 0 und d
082 _b15302
100 _aराजवाडे वि. का.
245 _aमराठ्यांच्या इतिहासाची साधने 10
260 _b---
_c1909
365 _b2
520 _aइतिहास
630 _aमराठ्यांच्या इतिहासाची साधने 10
650 _aइतिहास
730 _aमराठ्यांच्या इतिहासाची साधने 10
942 _cBOOK
999 _c620696
_d620693